[Event "Madrid-chT 1011"]
[Site "Madrid"]
[Date "2011.02.20"]
[Round "11.36"]
[White "Sotnikov, Taras"]
[Black "Martin Duque, Jesus"]
[Result "0-1"]
[WhiteElo "2059"]
[BlackElo "2115"]
[PlyCount "76"]
[EventDate "2010.11.21"]
[EventType "team-tourn"]
[EventRounds "14"]
[EventCountry "ESP"]
[SourceTitle "EXT 2012"]
[Source "ChessBase"]
[SourceDate "2011.11.24"]
[SourceVersion "1"]
[SourceVersionDate "2011.11.24"]
[SourceQuality "1"]
[WhiteTeam "Pueblo Nuevo"]
[BlackTeam "Vallecas CDV"]
[WhiteTeamCountry "ESP"]
[BlackTeamCountry "ESP"]

1. e4 c5 2. c3 e6 3. d4 d5 4. exd5 exd5 5. Nf3 Nf6 6. Bg5 Be7 7. dxc5 0-0 8. b4 a5 9. Be3 Ne4 10. Qb3 axb4 11. cxb4 Bf6 12. Nd4 Nc6 13. Qb2 Qe7 14. Be2 Qe5 15. f4 Qxd4 16. Bxd4 Nxd4 17. Qc1 Nxe2 18. Kxe2 Bxa1 19. a3 Bg4+ 20. Kf1 Rfe8 21. Nd2 Nxd2+ 22. Qxd2 d4 23. h3 Bc3 24. Qc1 Re1+ 25. Qxe1 Bxe1 26. Kxe1 Be6 27. Kf2 Rxa3 28. Rd1 d3 29. Ke3 Bc4 30. Kd4 Bb5 31. g4 Rb3 32. Ra1 Rxb4+ 33. Kc3 Ra4 34. Rb1 Bc6 35. Rf1 Ra2 36. Kb3 Rh2 37. Ra1 Kf8 38. Kc3 Rxh3 0-1

[Event "Madrid-ch sf-B"]
[Site "Madrid"]
[Date "2010.01.15"]
[Round "4"]
[White "Sotnikov, Taras"]
[Black "Rodriguez Vignote, Javier"]
[Result "1-0"]
[WhiteElo "2005"]
[BlackElo "1891"]
[PlyCount "49"]
[EventDate "2010.01.08"]
[EventType "swiss"]
[EventRounds "9"]
[EventCountry "ESP"]
[SourceTitle "CBM 134 Extra"]
[Source "ChessBase"]
[SourceDate "2010.03.03"]
[SourceVersion "1"]
[SourceVersionDate "2010.03.03"]
[SourceQuality "1"]

1. e4 e6 2. Qe2 c5 3. g3 Nc6 4. c3 g6 5. Bg2 Bg7 6. f4 Nge7 7. Nf3 0-0 8. 0-0 d6 9. d3 Qc7 10. a4 Rb8 11. Na3 a6 12. Nc4 b5 13. Ne3 Bd7 14. Nh4 bxa4 15. f5 exf5 16. exf5 Bf6 17. Ng4 Bxh4 18. gxh4 Nxf5 19. Bg5 Ne5 20. Nf6+ Kg7 21. Nd5 Qa7 22. Bf6+ Kg8 23. Rxf5 Rfe8 24. Rxe5 dxe5 25. Qe3 1-0

[Event "Madrid-ch sf-B"]
[Site "Madrid"]
[Date "2010.01.14"]
[Round "3"]
[White "Suarez Uriel, Adrian"]
[Black "Sotnikov, Taras"]
[Result "1-0"]
[WhiteElo "2137"]
[BlackElo "2005"]
[PlyCount "47"]
[EventDate "2010.01.08"]
[EventType "swiss"]
[EventRounds "9"]
[EventCountry "ESP"]
[SourceTitle "CBM 134 Extra"]
[Source "ChessBase"]
[SourceDate "2010.03.03"]
[SourceVersion "1"]
[SourceVersionDate "2010.03.03"]
[SourceQuality "1"]

1. e4 d5 2. exd5 Qxd5 3. Nf3 Bg4 4. Be2 Nf6 5. d4 g6 6. c4 Qd6 7. Nc3 Bg7 8. h3 Bf5 9. 0-0 a6 10. Ne5 c5 11. Nf3 0-0 12. dxc5 Qxc5 13. Be3 Qb4 14. Nd4 Rd8 15. Qc1 Bd7 16. Nb3 Nc6 17. Bc5 Bf5 18. Bxb4 Nxb4 19. g4 Be6 20. Nc5 Bc8 21. a3 Nc6 22. Qe3 h5 23. gxh5 gxh5 24. Rad1 1-0

[Event "Madrid-ch sf-B"]
[Site "Madrid"]
[Date "2009.02.07"]
[Round "9"]
[White "Sotnikov, Taras"]
[Black "Rojas Pozo, Jose Luis"]
[Result "0-1"]
[WhiteElo "1925"]
[BlackElo "1914"]
[PlyCount "78"]
[EventDate "2009.01.15"]
[EventType "swiss"]
[EventRounds "9"]
[EventCountry "ESP"]
[SourceTitle "CBM 128 Extra"]
[Source "ChessBase"]
[SourceDate "2009.03.05"]
[SourceVersion "2"]
[SourceVersionDate "2009.03.25"]
[SourceQuality "1"]

1. e4 c5 2. Nf3 d6 3. c3 Nc6 4. Be2 Nf6 5. d3 e5 6. 0-0 Be7 7. a3 0-0 8. b4 a6 9. Nbd2 d5 10. exd5 Nxd5 11. Bb2 Nf4 12. Nc4 f6 13. Ne3 Be6 14. Re1 b5 15. Bf1 Qd7 16. d4 exd4 17. cxd4 cxb4 18. Qd2 Nd5 19. Bd3 bxa3 20. Bxa3 Bb4 21. Bxb4 Ncxb4 22. Be4 Ra7 23. Rab1 a5 24. Nc2 Rc8 25. Na3 Nc3 26. Rbc1 Nxe4 27. Rxc8+ Qxc8 28. Rxe4 Bf5 29. Nxb5 Bxe4 30. Nxa7 Qb7 31. Qe3 Nc2 32. Qe2 Qb1+ 33. Qf1 Qxf1+ 34. Kxf1 a4 35. Nd2 Bd3+ 36. Kg1 a3 37. Nb3 Bc4 38. Nc1 Nxd4 39. Nb5 Nxb5 0-1

[Event "Madrid-ch sf-B"]
[Site "Madrid"]
[Date "2009.01.24"]
[Round "5"]
[White "Sotnikov, Taras"]
[Black "Martin Martin, Luis Vicente"]
[Result "1/2-1/2"]
[WhiteElo "1925"]
[BlackElo "2085"]
[PlyCount "114"]
[EventDate "2009.01.15"]
[EventType "swiss"]
[EventRounds "9"]
[EventCountry "ESP"]
[SourceTitle "CBM 128 Extra"]
[Source "ChessBase"]
[SourceDate "2009.03.05"]
[SourceVersion "2"]
[SourceVersionDate "2009.03.25"]
[SourceQuality "1"]

1. e4 e6 2. Qe2 e5 3. g3 Nc6 4. c3 Nf6 5. Bg2 Be7 6. Nf3 0-0 7. 0-0 d6 8. h3 a5 9. d4 b6 10. Rd1 Qe8 11. Bg5 Nd7 12. Qc4 Ndb8 13. Be3 Bf6 14. Na3 Ba6 15. Qd5 Bb7 16. Nb5 Qc8 17. Qc4 Ba6 18. a4 Qb7 19. d5 Bxb5 20. Qxb5 Ne7 21. b4 Rd8 22. Rdb1 Qc8 23. Nd2 Nd7 24. Bf1 axb4 25. cxb4 c5 26. dxc6 Qxc6 27. Rc1 Qxb5 28. Bxb5 Rab8 29. Rc7 Nf8 30. Bc4 d5 31. exd5 Nxd5 32. Bxd5 Rxd5 33. Nc4 Ne6 34. Rc6 b5 35. Nb6 Rdd8 36. a5 Nd4 37. Bxd4 exd4 38. a6 d3 39. Rd1 Bd4 40. Rxd3 Bxf2+ 41. Kxf2 Rxd3 42. a7 Re8 43. a8Q Rd2+ 44. Kf1 Rd1+ 45. Kg2 Rd2+ 46. Kh1 Rd1+ 47. Kg2 Rd2+ 48. Kf3 Rd3+ 49. Kf4 Rd4+ 50. Kf5 Rxa8 51. Nxa8 h6 52. Rc8+ Kh7 53. Rb8 Rxb4 54. Nc7 Rb3 55. Kf4 Rb4+ 56. Kf3 Rb3+ 57. Kf2 Rb2+ 1/2-1/2

[Event "Madrid-ch sf-B"]
[Site "Madrid"]
[Date "2009.01.17"]
[Round "3"]
[White "Cabanas Bravo, Juan Andres"]
[Black "Sotnikov, Taras"]
[Result "1/2-1/2"]
[WhiteElo "2073"]
[BlackElo "1925"]
[PlyCount "80"]
[EventDate "2009.01.15"]
[EventType "swiss"]
[EventRounds "9"]
[EventCountry "ESP"]
[SourceTitle "CBM 128 Extra"]
[Source "ChessBase"]
[SourceDate "2009.03.05"]
[SourceVersion "2"]
[SourceVersionDate "2009.03.25"]
[SourceQuality "1"]

1. e4 c5 2. Nf3 Nc6 3. d4 cxd4 4. Nxd4 e5 5. Nb5 a6 6. Nd6+ Bxd6 7. Qxd6 Qf6 8. Qa3 Nge7 9. Nc3 Rb8 10. Be3 b5 11. Nd5 Nxd5 12. exd5 Ne7 13. 0-0-0 0-0 14. g4 Nxd5 15. Ba7 b4 16. Qb3 Ra8 17. Bc5 d6 18. Qxd5 Bxg4 19. Bxd6 Bf3 20. Qc5 Rfc8 21. Qxe5 Qxe5 22. Bxe5 Bxh1 23. Bh3 Re8 24. f4 Bf3 25. Rd3 Be2 26. Rg3 g6 27. Kd2 Bb5 28. b3 Rad8+ 29. Kc1 a5 30. c4 bxc3 31. Rxc3 Bd7 32. Bc7 Bxh3 33. Bxd8 Rxd8 34. Rxh3 Rd6 35. Rf3 f5 36. Kc2 Kf7 37. Kc3 Rd5 38. a3 Kf6 39. b4 axb4+ 40. axb4 h6 1/2-1/2

[Event "Madrid-ch U18 0809"]
[Site "Madrid"]
[Date "2009.01.02"]
[Round "6"]
[White "Nieto de la Cruz, Julio"]
[Black "Sotnikov, Taras"]
[Result "1-0"]
[WhiteElo "2022"]
[BlackElo "1920"]
[PlyCount "111"]
[EventDate "2008.12.26"]
[EventType "swiss"]
[EventRounds "9"]
[EventCountry "ESP"]
[SourceTitle "CBM 128 Extra"]
[Source "ChessBase"]
[SourceDate "2009.03.05"]
[SourceVersion "2"]
[SourceVersionDate "2009.03.25"]
[SourceQuality "1"]

1. d4 g6 2. e4 d6 3. c4 Nd7 4. Nc3 c5 5. d5 Ngf6 6. f4 Bg7 7. Nf3 a6 8. a4 0-0 9. Be2 Re8 10. 0-0 Nf8 11. Re1 Bg4 12. h3 Bxf3 13. Bxf3 N6d7 14. Be3 Qb6 15. Rb1 Qb4 16. Na2 Qa5 17. Bd2 Qc7 18. Bc3 Bh6 19. g3 b5 20. b3 bxc4 21. bxc4 Rab8 22. e5 Rxb1 23. Qxb1 Rb8 24. Qd3 Nb6 25. e6 fxe6 26. dxe6 Nxa4 27. f5 Nxc3 28. Nxc3 Rb3 29. f6 Bg5 30. fxe7 Bxe7 31. Bd1 Ra3 32. Nd5 Rxd3 33. Nxc7 Bg5 34. Kg2 Rd2+ 35. Kf3 Rd3+ 36. Kf2 Rd2+ 37. Kf1 Bd8 38. Bg4 h5 39. Bf3 Rd3 40. e7 Bxe7 41. Bd5+ Kh8 42. Rxe7 Rxg3 43. Rf7 Nh7 44. Ne6 a5 45. Kf2 a4 46. Rf4 Rxh3 47. Bg2 g5 48. Rf7 Rc3 49. Be4 Rxc4 50. Rxh7+ Kg8 51. Rg7+ Kh8 52. Ke3 Rc3+ 53. Kd2 Rg3 54. Ra7 Kg8 55. Bh7+ Kh8 56. Nf8 1-0

[Event "Madrid-ch U18 0809"]
[Site "Madrid"]
[Date "2008.12.30"]
[Round "5"]
[White "Sotnikov, Taras"]
[Black "Fernandez Lledo, Javier"]
[Result "1/2-1/2"]
[WhiteElo "1920"]
[BlackElo "1911"]
[PlyCount "31"]
[EventDate "2008.12.26"]
[EventType "swiss"]
[EventRounds "9"]
[EventCountry "ESP"]
[SourceTitle "CBM 128 Extra"]
[Source "ChessBase"]
[SourceDate "2009.03.05"]
[SourceVersion "2"]
[SourceVersionDate "2009.03.25"]
[SourceQuality "1"]

1. e4 c5 2. Nf3 Nc6 3. c3 Nf6 4. e5 Nd5 5. d4 cxd4 6. cxd4 e6 7. Nc3 d6 8. exd6 Bxd6 9. a3 h6 10. Bd3 Nf4 11. Bxf4 Bxf4 12. 0-0 0-0 13. d5 Ne5 14. Be4 Qf6 15. dxe6 Bxe6 16. Nd5 1/2-1/2

[Event "Madrid-ch U18 0809"]
[Site "Madrid"]
[Date "2008.12.28"]
[Round "3"]
[White "Sotnikov, Taras"]
[Black "Suarez Uriel, Adrian"]
[Result "0-1"]
[WhiteElo "1920"]
[BlackElo "2123"]
[PlyCount "64"]
[EventDate "2008.12.26"]
[EventType "swiss"]
[EventRounds "9"]
[EventCountry "ESP"]
[SourceTitle "CBM 128 Extra"]
[Source "ChessBase"]
[SourceDate "2009.03.05"]
[SourceVersion "2"]
[SourceVersionDate "2009.03.25"]
[SourceQuality "1"]

1. f4 c5 2. Nf3 Nc6 3. g3 d6 4. Bg2 e5 5. d3 g6 6. 0-0 Bg7 7. c3 Nge7 8. e4 0-0 9. Be3 exf4 10. Bxf4 d5 11. Nbd2 h6 12. Qc2 Be6 13. Rad1 Qd7 14. Nb3 b6 15. d4 dxe4 16. Qxe4 cxd4 17. Nbxd4 Nxd4 18. Ne5 Qb5 19. Qxd4 Rac8 20. Rfe1 Qxb2 21. Qb4 Qxb4 22. cxb4 Rfd8 23. Rxd8+ Rxd8 24. a3 g5 25. Nxf7 Kxf7 26. Bc7 Rd3 27. a4 Nd5 28. Bd6 Bd4+ 29. Kh1 Rd2 30. Rf1+ Bf2 31. Bf3 Ne3 32. Bh5+ Kg8 0-1

[Event "Madrid-ch U18 0809"]
[Site "Madrid"]
[Date "2008.12.27"]
[Round "2"]
[White "Garcia Salamero, Hector"]
[Black "Sotnikov, Taras"]
[Result "0-1"]
[WhiteElo "1638"]
[BlackElo "1920"]
[PlyCount "62"]
[EventDate "2008.12.26"]
[EventType "swiss"]
[EventRounds "9"]
[EventCountry "ESP"]
[SourceTitle "CBM 128 Extra"]
[Source "ChessBase"]
[SourceDate "2009.03.05"]
[SourceVersion "2"]
[SourceVersionDate "2009.03.25"]
[SourceQuality "1"]

1. e4 c6 2. d4 d5 3. Nc3 g6 4. Nf3 Bg7 5. Be3 Nf6 6. e5 Ng4 7. Bf4 f6 8. exf6 exf6 9. h3 Nh6 10. Qd2 Nf7 11. h4 Bg4 12. 0-0-0 0-0 13. Be2 Nd7 14. Nh2 Bxe2 15. Nxe2 Nb6 16. Kb1 Nc4 17. Qc1 Re8 18. Ng3 a5 19. b3 Qb6 20. Ka1 Ncd6 21. Be3 a4 22. Qb2 axb3 23. cxb3 f5 24. Nf3 c5 25. Kb1 Qa6 26. h5 c4 27. hxg6 hxg6 28. Ne2 Nb5 29. Nc3 Nxc3+ 30. Qxc3 Qxa2+ 31. Kc1 cxb3 0-1

[Event "Madrid Pueblo Nuevo qual"]
[Site "Madrid"]
[Date "2007.06.16"]
[Round "8.3"]
[White "Sotnikov, Taras"]
[Black "Collado Barbas, Laura"]
[Result "1/2-1/2"]
[WhiteElo "1944"]
[BlackElo "1882"]
[PlyCount "75"]
[EventDate "2007.05.19"]
[EventType "swiss"]
[EventRounds "9"]
[EventCountry "ESP"]
[SourceTitle "EXT 2024"]
[Source "ChessBase"]
[SourceDate "2023.10.10"]
[SourceVersion "1"]
[SourceVersionDate "2023.10.10"]
[SourceQuality "1"]

1. e4 c6 2. d4 d5 3. e5 c5 4. dxc5 e6 5. Be3 Nh6 6. c3 Nf5 7. Bd4 Nxd4 8. cxd4 b6 9. Bb5+ Bd7 10. Bxd7+ Nxd7 11. c6 Nb8 12. Qc2 Qc7 13. Nd2 Qxc6 14. Rc1 Qxc2 15. Rxc2 Kd7 16. Ngf3 Nc6 17. a3 Rc8 18. Ke2 Be7 19. Rhc1 Rc7 20. b4 Rhc8 21. Nb3 a6 22. Nfd2 Na7 23. Rxc7+ Rxc7 24. Rxc7+ Kxc7 25. Kd3 Kc6 26. Nb1 Nb5 27. a4 Na7 28. Kc3 Kc7 29. Na3 Nc6 30. Nc2 f6 31. f4 fxe5 32. dxe5 g6 33. Ncd4 Nxd4 34. Nxd4 Kd7 35. g4 Bh4 36. Nf3 Bd8 37. Kd4 Be7 38. Kc3 1/2-1/2

[Event "Madrid-ch U18"]
[Site "Madrid"]
[Date "2006.12.30"]
[Round "8"]
[White "Rubio Mejia, Luis Ignacio"]
[Black "Sotnikov, Taras"]
[Result "1-0"]
[WhiteElo "2222"]
[BlackElo "1862"]
[PlyCount "99"]
[EventDate "2006.12.21"]
[EventType "swiss"]
[EventRounds "9"]
[EventCountry "ESP"]
[SourceTitle "EXT 2009"]
[Source "ChessBase"]
[SourceDate "2008.11.26"]
[SourceVersion "1"]
[SourceVersionDate "2008.11.26"]
[SourceQuality "1"]

1. d4 d5 2. c4 e6 3. Nc3 Be7 4. cxd5 exd5 5. Bf4 Nf6 6. e3 Bf5 7. Qb3 Nc6 8. a3 Rb8 9. Nf3 0-0 10. h3 a6 11. Nh4 Be6 12. Nf3 Bf5 13. Be5 Be6 14. Bh2 Bf5 15. Nh4 Be6 16. Bd3 Ne4 17. Nf3 Qd7 18. Rc1 f5 19. Ne5 Nxe5 20. Bxe5 Bd6 21. Bxd6 Qxd6 22. Ne2 c6 23. Qb4 Qxb4+ 24. axb4 Rf6 25. f4 Rg6 26. Bxe4 dxe4 27. Kf2 h5 28. g3 Kf7 29. Nc3 Rd8 30. Rcg1 Rh6 31. g4 g6 32. gxf5 Bxf5 33. h4 Rhh8 34. Ra1 Rhe8 35. Ra5 Bg4 36. Rc5 Re7 37. Rc1 Rdd7 38. Na4 Rd8 39. Nb6 Be6 40. Re5 Bd5 41. Kg3 Rxe5 42. fxe5 Be6 43. Kf4 Bf5 44. Na4 Rd7 45. Nc5 Re7 46. Nxe4 Bxe4 47. Kxe4 Ke6 48. Rf1 Rg7 49. Rf6+ Ke7 50. Kf4 1-0

[Event "Madrid op"]
[Site "Madrid"]
[Date "2006.10.28"]
[Round "8"]
[White "Sotnikov, Taras"]
[Black "Salgado Lopez, Oscar"]
[Result "0-1"]
[WhiteElo "1862"]
[BlackElo "2199"]
[PlyCount "142"]
[EventDate "2006.10.06"]
[EventType "swiss"]
[EventRounds "9"]
[EventCountry "ESP"]
[SourceTitle "EXT 2007"]
[Source "ChessBase"]
[SourceDate "2006.11.23"]
[SourceVersion "1"]
[SourceVersionDate "2006.11.23"]
[SourceQuality "1"]

1. e4 c5 2. Nf3 e6 3. d4 cxd4 4. Nxd4 a6 5. Nc3 b5 6. a3 Bb7 7. Be2 Qc7 8. 0-0 Nc6 9. Be3 Nf6 10. f3 Bc5 11. Bf2 Nxd4 12. Bxd4 e5 13. Bxc5 Qxc5+ 14. Kh1 0-0 15. Qd2 Rfd8 16. Rad1 Rac8 17. Qd6 Qxd6 18. Rxd6 Kf8 19. Rfd1 Rc6 20. Rxc6 Bxc6 21. Bd3 Ke7 22. Kg1 Rb8 23. Na2 g6 24. Nb4 a5 25. Nxc6+ dxc6 26. b3 Ne8 27. c4 bxc4 28. Bxc4 Nd6 29. Rd3 Nxc4 30. bxc4 Rb2 31. Rc3 a4 32. c5 Rb3 33. Rc4 Rxa3 34. Rb4 Rc3 35. Rxa4 Rxc5 36. Ra7+ Ke6 37. Rc7 Rc2 38. Kf1 h5 39. h4 f5 40. exf5+ Kxf5 41. Rf7+ Ke6 42. Rg7 Kf6 43. Rc7 c5 44. g3 c4 45. Ke1 c3 46. Kd1 Rg2 47. Rxc3 Rxg3 48. Ke2 Rg2+ 49. Ke3 Rg1 50. Kf2 Rd1 51. Kg3 g5 52. hxg5+ Kxg5 53. Re3 Kf5 54. Rc3 Rd4 55. Rb3 Rd8 56. Rb4 Rg8+ 57. Kh4 Rg1 58. Re4 Rd1 59. Kg3 Rd4 60. Re3 h4+ 61. Kh3 Kf4 62. Rb3 Rd2 63. Ra3 Rf2 64. Ra4+ Kxf3 65. Kxh4 e4 66. Kg5 e3 67. Ra3 Rd2 68. Ra8 Rd5+ 69. Kh4 e2 70. Ra3+ Kf2 71. Ra2 Kf1 0-1

[Event "Madrid op"]
[Site "Madrid"]
[Date "2006.10.07"]
[Round "2"]
[White "Sotnikov, Taras"]
[Black "Ruiz Quevedo, Andres"]
[Result "1-0"]
[WhiteElo "1862"]
[BlackElo "1879"]
[PlyCount "46"]
[EventDate "2006.10.06"]
[EventType "swiss"]
[EventRounds "9"]
[EventCountry "ESP"]
[SourceTitle "EXT 2007"]
[Source "ChessBase"]
[SourceDate "2006.11.23"]
[SourceVersion "1"]
[SourceVersionDate "2006.11.23"]
[SourceQuality "1"]

1. e4 e5 2. Nf3 Nc6 3. Bc4 Bc5 4. c3 Qe7 5. 0-0 Nf6 6. d4 Bb6 7. d5 Nb8 8. Re1 Bxf2+ 9. Kxf2 Qc5+ 10. Kf1 Qxc4+ 11. Qe2 Qxe2+ 12. Rxe2 d6 13. h3 Nbd7 14. Bg5 h6 15. Bh4 Nh5 16. Nbd2 Nc5 17. Bf2 Nd3 18. b3 0-0 19. Ne1 Nxf2 20. Rxf2 Ng3+ 21. Kg1 f5 22. exf5 Rxf5 23. Nc2 Bd7 1-0

[Event "Madrid op"]
[Site "Madrid"]
[Date "2006.10.06"]
[Round "1"]
[White "Aziz Ortego, Omar Luis"]
[Black "Sotnikov, Taras"]
[Result "0-1"]
[WhiteElo "2096"]
[BlackElo "1862"]
[PlyCount "140"]
[EventDate "2006.10.06"]
[EventType "swiss"]
[EventRounds "9"]
[EventCountry "ESP"]
[SourceTitle "EXT 2007"]
[Source "ChessBase"]
[SourceDate "2006.11.23"]
[SourceVersion "1"]
[SourceVersionDate "2006.11.23"]
[SourceQuality "1"]

1. d4 Nf6 2. Bf4 e6 3. Nd2 d5 4. Ngf3 Bd6 5. Bg3 0-0 6. e3 Re8 7. c4 Nbd7 8. cxd5 Bxg3 9. hxg3 exd5 10. Qc2 Ne4 11. Nxe4 dxe4 12. 0-0-0 Nf6 13. Ne5 Be6 14. Bc4 Bd5 15. Kb1 c6 16. g4 h6 17. f3 Bxc4 18. Qxc4 Qd5 19. Rc1 Qxc4 20. Rxc4 Nd5 21. fxe4 Nxe3 22. Rc3 Nxg2 23. Rg3 Nf4 24. Re1 Ne6 25. Nf3 Rad8 26. Rd1 Nf4 27. e5 Ng6 28. g5 Nxe5 29. Nxe5 Rxe5 30. gxh6 g6 31. Rf1 Rh5 32. Re3 Rd7 33. Rfe1 Kh7 34. Kc2 Kxh6 35. Kc3 Rhd5 36. Rh3+ Kg7 37. Re4 f5 38. Reh4 Kf6 39. Rh2 Re7 40. R2h3 Rdd7 41. a4 Re4 42. Rxe4 fxe4 43. a5 a6 44. Rh1 Re7 45. Rf1+ Kg7 46. Kd2 e3+ 47. Ke2 g5 48. d5 cxd5 49. Rf5 Kg6 50. Rxd5 Kh5 51. Rd1 g4 52. Rh1+ Kg5 53. Rg1 Kf4 54. Rf1+ Kg3 55. Rg1+ Kh3 56. Rh1+ Kg2 57. Rh4 g3 58. b4 Kg1 59. Rh3 g2 60. Rh4 Rf7 61. Rh6 Rf2+ 62. Kd1 Rf4 63. Ke2 Rxb4 64. Rh7 Rb5 65. Kxe3 Kf1 66. Rf7+ Ke1 67. Rg7 Rb3+ 68. Ke4 Kf2 69. Rf7+ Kg1 70. Kf4 Kh2 0-1

[Event "Madrid Pueblo Nuevo Youth"]
[Site "Madrid"]
[Date "2006.06.04"]
[Round "6.1"]
[White "Vallejo Nuno, Jorge"]
[Black "Sotnikov, Taras"]
[Result "1/2-1/2"]
[WhiteElo "1991"]
[BlackElo "1868"]
[PlyCount "56"]
[EventDate "2006.05.27"]
[EventType "swiss"]
[EventRounds "9"]
[EventCountry "ESP"]
[SourceTitle "EXT 2024"]
[Source "ChessBase"]
[SourceDate "2023.10.10"]
[SourceVersion "1"]
[SourceVersionDate "2023.10.10"]
[SourceQuality "1"]

1. b4 c5 2. bxc5 e5 3. Bb2 Nc6 4. c4 Bxc5 5. e3 Nf6 6. a3 0-0 7. Nc3 d5 8. cxd5 Nxd5 9. Qc2 Nxc3 10. Bxc3 Re8 11. Bc4 Be6 12. Bxe6 Rxe6 13. Ne2 Qh4 14. Ng3 Rae8 15. d3 Rg6 16. Qe2 Qe7 17. Bb2 a5 18. 0-0 a4 19. Qf3 Na5 20. d4 exd4 21. exd4 Bd6 22. Nf5 Qd7 23. Nxd6 Rxd6 24. Bc3 Nb3 25. Rad1 b5 26. d5 Rd8 27. Rfe1 h6 28. Qg3 Rg6 1/2-1/2

[Event "Madrid Pueblo Nuevo Youth"]
[Site "Madrid"]
[Date "2006.06.03"]
[Round "5.5"]
[White "Martin Mazuelo, Miguel Angel"]
[Black "Sotnikov, Taras"]
[Result "0-1"]
[WhiteElo "1879"]
[BlackElo "1868"]
[PlyCount "126"]
[EventDate "2006.05.27"]
[EventType "swiss"]
[EventRounds "9"]
[EventCountry "ESP"]
[SourceTitle "EXT 2024"]
[Source "ChessBase"]
[SourceDate "2023.10.10"]
[SourceVersion "1"]
[SourceVersionDate "2023.10.10"]
[SourceQuality "1"]

1. e4 e5 2. Nf3 Nc6 3. d4 exd4 4. Bc4 Nf6 5. 0-0 Be7 6. e5 Ne4 7. Re1 d5 8. Bb5 Bd7 9. Nxd4 Nxd4 10. Bxd7+ Qxd7 11. f3 Qc6 12. fxe4 Nxc2 13. exd5 Qc5+ 14. Kh1 Nxe1 15. Qxe1 Qxd5 16. Nc3 Qe6 17. Bf4 0-0 18. Rc1 Bb4 19. a3 Bxc3 20. Rxc3 Qg4 21. Rf3 Rad8 22. h3 Qe6 23. Rg3 Rd4 24. Qe3 Qb6 25. Kh2 Rfd8 26. Bh6 g6 27. Qc3 Rd1 28. Re3 Qd4 29. Qxc7 Qd7 30. Qc4 Qe6 31. Qb4 R8d5 32. Qxb7 Rxe5 33. Qxa7 Rxe3 34. Qxe3 Qxe3 35. Bxe3 Rd3 36. Bc5 f5 37. a4 Rb3 38. a5 Rxb2 39. a6 Ra2 40. a7 Kf7 41. Kg3 Ra4 42. Kf3 Ke6 43. Bf2 h6 44. Be3 Ra3 45. Ke2 Ke5 46. g3 g5 47. Kd2 Ke4 48. Bc5 Ra4 49. Kc3 Kf3 50. Kb3 Ra6 51. Kb4 Kxg3 52. Kb5 Ra2 53. Bb6 Rxa7 54. Bxa7 Kxh3 55. Kc4 Kg2 56. Kd4 Kf3 57. Ke5 f4 58. Kf5 g4 59. Bb8 h5 60. Kg5 h4 61. Bxf4 g3 62. Bc7 h3 63. Kf5 h2 0-1